[Event "EU-ch U10 30th"]
[Site "Antalya"]
[Date "2022.11.14"]
[Round "9"]
[White "Landolsi, Iyad"]
[Black "Odabasi, Ruzgar"]
[Result "0-1"]
[WhiteElo "1766"]
[BlackElo "1484"]
[PlyCount "77"]
[EventDate "2022.11.06"]
[EventType "swiss"]
[EventRounds "9"]
[EventCountry "TUR"]
[SourceTitle "EXT 2024"]
[Source "ChessBase"]
[SourceDate "2023.10.10"]
[SourceVersion "1"]
[SourceVersionDate "2023.10.10"]
[SourceQuality "1"]

1. e4 c5 2. Nf3 Nc6 3. d4 cxd4 4. Nxd4 g6 5. Nc3 Bg7 6. Be3 Nf6 7. Nxc6 bxc6 8. e5 Nd5 9. Nxd5 cxd5 10. Qxd5 Rb8 11. Bc4 0-0 12. 0-0 Bb7 13. Qd4 Qc7 14. Bf4 d6 15. exd6 Qc6 16. Qd5 Qd7 17. Qd3 e5 18. Bg3 e4 19. Qe3 Rfc8 20. Bb3 Bxb2 21. Rab1 Bg7 22. Qxa7 Bc6 23. Qxd7 Bxd7 24. Rfe1 Rb4 25. h3 Bc3 26. Red1 Kf8 27. Bd5 Rcb8 28. Rb3 Rxb3 29. cxb3 f5 30. Rc1 Ba5 31. a3 g5 32. b4 Bb6 33. Bc6 Rc8 34. b5 f4 35. Bh2 e3 36. Kf1 exf2 37. h4 Bf5 38. Ke2 Be3 39. Rc4 0-1

[Event "FRA Top 16 Higher Pool U16"]
[Site "France"]
[Date "2022.06.04"]
[Round "1.7"]
[White "Steinmetz, Baptiste"]
[Black "Landolsi, Iyad"]
[Result "1/2-1/2"]
[WhiteElo "1584"]
[BlackElo "1745"]
[PlyCount "130"]
[EventDate "2022.06.04"]
[EventType "tourn"]
[EventRounds "4"]
[EventCountry "FRA"]
[SourceTitle "EXT 2023"]
[Source "ChessBase"]
[SourceDate "2022.10.05"]
[SourceVersion "1"]
[SourceVersionDate "2022.10.05"]
[SourceQuality "1"]

1. c4 e5 2. Nc3 Nf6 3. g3 d5 4. cxd5 Nxd5 5. Bg2 Be6 6. Nf3 Nc6 7. 0-0 Nb6 8. d3 Be7 9. Be3 f6 10. Rc1 0-0 11. d4 exd4 12. Nxd4 Nxd4 13. Bxd4 c6 14. a3 Bf7 15. Ne4 Nc4 16. Qd3 Nd6 17. Rfd1 Qc7 18. Nxd6 Qxd6 19. Be4 g6 20. Qc3 Qe6 21. Bf3 Kg7 22. Rd3 Qf5 23. Re3 Rfe8 24. Re4 Bd6 25. Qd3 Bd5 26. Rxe8 Qxd3 27. exd3 Rxe8 28. Bxd5 cxd5 29. Kf1 a6 30. f4 Kf7 31. Kf2 f5 32. Kf3 Rd8 33. Bc5 Rc8 34. Be3 Rxc1 35. Bxc1 Bc5 36. Be3 d4 37. Bd2 Ke6 38. b4 Bb6 39. Bc1 Kd5 40. Bb2 Kc6 41. g4 Kd5 42. gxf5 gxf5 43. Kg3 Bc7 44. Bc1 Ke6 45. Kh4 Bd8+ 46. Kh5 Kf7 47. Bb2 Bf6 48. Bc1 Kg7 49. Bd2 b5 50. Be1 h6 51. Bf2 Kh7 52. Bg1 Kg7 53. Bf2 Kh7 54. Be1 Kg7 55. Bd2 Kh7 56. Bc1 Kg7 57. Bd2 Kh7 58. Be1 Kg7 59. Bf2 Kh7 60. Bg1 Kg7 61. Bf2 Kh7 62. Be1 Kg7 63. Bd2 Kh7 64. Bc1 Kg7 65. Bb2 Kh7 1/2-1/2